| 000 | 00399nam a2200145Ia 4500 | ||
|---|---|---|---|
| 008 | 180315s9999||||xx |||||||||||||| ||und|| | ||
| 082 |
_aQT 104 _bGUY |
||
| 100 | _aGuyton, Arthur C. | ||
| 245 | 0 |
_aTextbook of Medical Physiology _cGuyton, Arthur C. |
|
| 250 | _a10th | ||
| 260 |
_aPhiladelphia _bSaunders Company _c2000 |
||
| 300 | _a1064 | ||
| 650 | _aPhysiology.Physiological processes | ||
| 942 | _cBK | ||
| 999 |
_c4359 _d4359 |
||